[Event "SWE-chT 0506"]
[Site "Sweden"]
[Date "2006.??.??"]
[Round "11"]
[White "Welin, Thomas"]
[Black "Ziegler, Ari"]
[Result "0-1"]
[WhiteElo "2382"]
[BlackElo "2377"]
[PlyCount "124"]
[EventDate "2005.10.??"]
[EventType "team"]
[EventRounds "11"]
[EventCountry "SWE"]
[SourceTitle "EXT 2008"]
[Source "ChessBase"]
[SourceDate "2007.11.25"]
[SourceVersion "1"]
[SourceVersionDate "2007.11.25"]
[SourceQuality "1"]
[WhiteTeam "Sodra"]
[BlackTeam "Skara"]
[WhiteTeamCountry "SWE"]
[BlackTeamCountry "SWE"]

1. c4 g6 2. e4 Bg7 3. d4 d6 4. Nf3 Nf6 5. Nc3 0-0 6. Be2 e5 7. 0-0 Nc6 8. d5 Ne7 9. b4 Nh5 10. c5 Nf4 11. Bxf4 exf4 12. Qd2 f5 13. exf5 Nxf5 14. Rac1 g5 15. h3 h5 16. Nh2 g4 17. hxg4 hxg4 18. Bxg4 Qh4 19. Ne4 Be5 20. Qd3 Nd4 21. g3 Qh7 22. Bxc8 Raxc8 23. Rc4 Rce8 24. Nf3 Nxf3+ 25. Qxf3 fxg3 26. Qg4+ Kh8 27. fxg3 Rxf1+ 28. Kxf1 Qh1+ 29. Ke2 Bxg3 30. Kd3 Be5 31. Nd2 Qxd5+ 32. Kc2 Qf7 33. cxd6 cxd6 34. a3 b5 35. Rc8 Rxc8+ 36. Qxc8+ Kg7 37. Qc6 Qg6+ 38. Kc1 Qd3 39. Qd7+ Kf6 40. Qd8+ Ke6 41. Qe8+ Kf6 42. Qf8+ Kg6 43. Qg8+ Bg7 44. Qe6+ Kh7 45. Qe4+ Qxe4 46. Nxe4 Be5 47. Ng5+ Kg6 48. Ne6 d5 49. Nc5 Kf5 50. Kc2 Bd6 51. Nb3 Ke4 52. Nd2+ Ke3 53. Nb3 d4 54. Nc1 Bc7 55. Nd3 a5 56. bxa5 Bxa5 57. Nb2 Ke2 58. Nd3 Bc7 59. Nc1+ Ke3 60. Nd3 Bd6 61. a4 bxa4 62. Nb2 a3 0-1

[Event "SWE-chT 0405"]
[Site "Sweden"]
[Date "2005.??.??"]
[Round "6"]
[White "Welin, Thomas"]
[Black "Lindberg, Bo"]
[Result "0-1"]
[WhiteElo "2380"]
[BlackElo "2481"]
[PlyCount "48"]
[EventDate "2004.11.05"]
[EventType "team"]
[EventRounds "11"]
[EventCountry "SWE"]
[SourceTitle "EXT 2006"]
[Source "ChessBase"]
[SourceDate "2005.11.24"]
[SourceVersion "1"]
[SourceVersionDate "2005.11.24"]
[SourceQuality "1"]
[WhiteTeam "Sodra"]
[BlackTeam "Sollentuna"]
[WhiteTeamCountry "SWE"]
[BlackTeamCountry "SWE"]

1. c4 g6 2. e4 c5 3. Nf3 Nc6 4. d4 Bg7 5. d5 Nd4 6. Nxd4 cxd4 7. Bd3 d6 8. 0-0 e6 9. Nd2 Ne7 10. b4 a5 11. bxa5 Qxa5 12. Nb3 Qb6 13. a4 0-0 14. a5 Qc7 15. Bb2 Bd7 16. Qd2 b6 17. Ba3 Rfb8 18. axb6 Qxb6 19. Rfb1 Qc7 20. c5 dxc5 21. d6 Qc8 22. Nxc5 Rxb1+ 23. Rxb1 Rxa3 24. dxe7 Be8 0-1

[Event "SWE-chT 0405"]
[Site "Sweden"]
[Date "2005.??.??"]
[Round "11"]
[White "Welin, Thomas"]
[Black "Semcesen, Daniel"]
[Result "1/2-1/2"]
[WhiteElo "2380"]
[BlackElo "2316"]
[PlyCount "57"]
[EventDate "2004.11.05"]
[EventType "team"]
[EventRounds "11"]
[EventCountry "SWE"]
[SourceTitle "EXT 2006"]
[Source "ChessBase"]
[SourceDate "2005.11.24"]
[SourceVersion "1"]
[SourceVersionDate "2005.11.24"]
[SourceQuality "1"]
[WhiteTeam "Sodra"]
[BlackTeam "Lund"]
[WhiteTeamCountry "SWE"]
[BlackTeamCountry "SWE"]

1. b3 Nf6 2. Bb2 Nc6 3. Nf3 d5 4. g3 Bg4 5. Bg2 e6 6. 0-0 Bc5 7. d4 Bd6 8. Nbd2 0-0 9. c4 Re8 10. Ne5 Bh5 11. Nxc6 bxc6 12. c5 Bf8 13. b4 a5 14. bxa5 Rxa5 15. a4 e5 16. dxe5 Nd7 17. Nb3 Ra6 18. Qd3 Qa8 19. Qf5 Rb8 20. Qxh5 Rxb3 21. e6 fxe6 22. Bh3 Rxb2 23. Bxe6+ Kh8 24. Bxd7 Bxc5 25. Bf5 Qg8 26. Bxh7 Qxh7 27. Qe8+ Qg8 28. Qh5+ Qh7 29. Qe8+ 1/2-1/2

[Event "SWE-chT 0203"]
[Site "Sweden"]
[Date "2003.03.15"]
[Round "10"]
[White "Nilsson, Patrik"]
[Black "Welin, Thomas"]
[Result "0-1"]
[WhiteElo "2022"]
[BlackElo "2375"]
[PlyCount "78"]
[EventDate "2002.10.11"]
[EventType "team"]
[EventRounds "11"]
[EventCountry "SWE"]
[SourceTitle "EXT 2004"]
[Source "ChessBase"]
[SourceDate "2003.11.25"]
[SourceVersion "1"]
[SourceVersionDate "2003.11.25"]
[SourceQuality "1"]
[WhiteTeam "Helsingborg"]
[BlackTeam "Sodra"]
[WhiteTeamCountry "SWE"]
[BlackTeamCountry "SWE"]

1. e4 c5 2. Nf3 Nc6 3. d4 cxd4 4. Nxd4 Nf6 5. Nc3 Qb6 6. Nb3 e6 7. Bd3 a6 8. Bg5 Be7 9. Qe2 d6 10. g4 Nd4 11. Qd1 Nxb3 12. axb3 0-0 13. h4 Qc7 14. Qe2 Bd7 15. f4 Bc6 16. Rg1 Rfd8 17. f5 b5 18. Qe3 d5 19. e5 d4 20. Qe2 dxc3 21. exf6 cxb2 22. Rb1 Bc5 23. Be3 Qe5 24. Bxc5 Qxc5 25. Qf2 Qc3+ 26. Qd2 Qxf6 27. g5 Qe5+ 28. Qe2 Qd4 29. Rg4 Qc3+ 30. Kf1 exf5 31. Rf4 Re8 32. Qf2 g6 33. Rxf5 gxf5 34. Qxf5 Qg7 35. h5 Re5 36. Qh3 Rxg5 37. h6 Qf6+ 38. Ke2 Re8+ 39. Kd2 Rg2+ 0-1

[Event "SWE-chT 0304"]
[Site "Sweden"]
[Date "2003.??.??"]
[Round "5"]
[White "Welin, Thomas"]
[Black "Landgren, Andreas"]
[Result "1/2-1/2"]
[WhiteElo "2412"]
[BlackElo "2219"]
[PlyCount "106"]
[EventDate "2003.10.??"]
[EventType "team"]
[EventRounds "11"]
[EventCountry "SWE"]
[SourceTitle "EXT 2005"]
[Source "ChessBase"]
[SourceDate "2004.11.15"]
[SourceVersion "1"]
[SourceVersionDate "2004.11.15"]
[SourceQuality "1"]
[WhiteTeam "Sodra"]
[BlackTeam "Solna"]
[WhiteTeamCountry "SWE"]
[BlackTeamCountry "SWE"]

1. Nf3 c5 2. b3 d6 3. Bb2 e5 4. c4 g6 5. g3 Bg7 6. Bg2 Ne7 7. Nc3 0-0 8. 0-0 Nbc6 9. Ne1 Be6 10. Nd5 Qd7 11. Nc2 Bh3 12. d3 Bxg2 13. Kxg2 Nxd5 14. cxd5 Ne7 15. e4 f5 16. f4 Rf7 17. fxe5 dxe5 18. Ne3 Re8 19. Qc2 b6 20. a4 Nc8 21. a5 h5 22. axb6 axb6 23. Nc4 h4 24. gxh4 fxe4 25. Rxf7 Qxf7 26. dxe4 b5 27. Rf1 Qe7 28. Ne3 Qxh4 29. h3 Bh6 30. Ng4 Bf4 31. Qc3 b4 32. Qd3 Re7 33. Rxf4 exf4 34. Bf6 Qe1 35. Bxe7 Nxe7 36. d6 Nc6 37. d7 Qg3+ 38. Qxg3 fxg3 39. Ne5 Nd8 40. Nd3 c4 41. bxc4 b3 42. Kxg3 Kf7 43. Kf4 Ke7 44. Ke3 Ne6 45. Kd2 Ng5 46. Nc5 Nxh3 47. Kc3 g5 48. e5 g4 49. Ne4 Nf4 50. Kxb3 Ng6 51. e6 Nf4 52. c5 Nxe6 53. Kc4 Kxd7 1/2-1/2

[Event "SWE-chT 0203"]
[Site "Sweden"]
[Date "2002.10.11"]
[Round "1"]
[White "Welin, Thomas"]
[Black "Hall, Jesper"]
[Result "0-1"]
[WhiteElo "2375"]
[BlackElo "2489"]
[PlyCount "51"]
[EventDate "2002.10.11"]
[EventType "team"]
[EventRounds "11"]
[EventCountry "SWE"]
[SourceTitle "EXT 2004"]
[Source "ChessBase"]
[SourceDate "2003.11.25"]
[SourceVersion "1"]
[SourceVersionDate "2003.11.25"]
[SourceQuality "1"]
[WhiteTeam "Sodra"]
[BlackTeam "Lund"]
[WhiteTeamCountry "SWE"]
[BlackTeamCountry "SWE"]

1. b3 e5 2. Bb2 Nc6 3. c4 Nf6 4. e3 d5 5. cxd5 Nxd5 6. a3 Bd6 7. Qc2 Qe7 8. Bd3 Bd7 9. Nf3 h6 10. Nc3 Nxc3 11. dxc3 0-0 12. e4 Nd8 13. 0-0 Ne6 14. c4 Nf4 15. c5 Bxc5 16. Nxe5 Bh3 17. gxh3 Qg5+ 18. Ng4 Nxh3+ 19. Kh1 Qxg4 20. f4 Nxf4 21. Rxf4 Qxf4 22. Rf1 Qg5 23. e5 Bb6 24. Qe2 Rad8 25. Bb1 Qd2 26. Qe4 0-1

[Event "SWE-chT 0102"]
[Site "Sweden"]
[Date "2001.10.14"]
[Round "3"]
[White "Hector, Jonny"]
[Black "Welin, Thomas"]
[Result "1-0"]
[WhiteElo "2509"]
[BlackElo "2407"]
[PlyCount "21"]
[EventDate "2001.10.12"]
[EventType "team"]
[EventRounds "11"]
[EventCountry "SWE"]
[SourceTitle "EXT 2003"]
[Source "ChessBase"]
[SourceDate "2002.11.25"]
[SourceVersion "1"]
[SourceVersionDate "2002.11.25"]
[SourceQuality "1"]
[WhiteTeam "Limhamn"]
[BlackTeam "Sodra"]
[WhiteTeamCountry "SWE"]
[BlackTeamCountry "SWE"]

1. e4 c5 2. Nf3 g6 3. d4 Bg7 4. dxc5 Qa5+ 5. Bd2 Qxc5 6. Nc3 Nf6 7. Bd3 Nc6 8. 0-0 0-0 9. h3 d5 10. e5 Nd7 11. Na4 1-0

[Event "SWE-chT 0102"]
[Site "Sweden"]
[Date "2001.10.13"]
[Round "2"]
[White "Welin, Thomas"]
[Black "Andreasson, Ingvar"]
[Result "0-1"]
[WhiteElo "2407"]
[BlackElo "2345"]
[PlyCount "62"]
[EventDate "2001.10.12"]
[EventType "team"]
[EventRounds "11"]
[EventCountry "SWE"]
[SourceTitle "EXT 2003"]
[Source "ChessBase"]
[SourceDate "2002.11.25"]
[SourceVersion "1"]
[SourceVersionDate "2002.11.25"]
[SourceQuality "1"]
[WhiteTeam "Sodra"]
[BlackTeam "Kamraterna"]
[WhiteTeamCountry "SWE"]
[BlackTeamCountry "SWE"]

1. b3 Nf6 2. Bb2 g6 3. g3 Bg7 4. Bg2 0-0 5. c4 d6 6. Nc3 e5 7. e3 c6 8. Nf3 Re8 9. 0-0 Na6 10. d4 e4 11. Ne1 d5 12. cxd5 cxd5 13. f3 Nc7 14. Nc2 h5 15. Qd2 Bf5 16. fxe4 Nxe4 17. Nxe4 Bxe4 18. Nb4 Bh6 19. Rae1 Bxg2 20. Kxg2 Qe7 21. Rf3 Rac8 22. Nd3 Ne6 23. h4 Ng7 24. Ne5 f6 25. Nd3 Nf5 26. Qf2 Qe4 27. Nc5 Qg4 28. Rxf5 gxf5 29. Re2 b6 30. Nd7 Kf7 31. e4 Rxe4 0-1

[Event "SWE-chT 9900"]
[Site "Sweden"]
[Date "2000.??.??"]
[Round "10"]
[White "Gretarsson, Helgi Ass"]
[Black "Welin, Thomas"]
[Result "1-0"]
[WhiteElo "2521"]
[BlackElo "2375"]
[PlyCount "81"]
[EventDate "1999.11.??"]
[EventType "team"]
[EventRounds "11"]
[EventCountry "SWE"]
[SourceTitle "EXT 2002"]
[Source "ChessBase"]
[SourceDate "2001.11.25"]
[SourceVersion "1"]
[SourceVersionDate "2001.11.25"]
[SourceQuality "1"]

1. d4 d5 2. Nf3 c6 3. c4 Nf6 4. Nc3 dxc4 5. a4 Bf5 6. Ne5 Nbd7 7. Nxc4 Qc7 8. g3 e5 9. dxe5 Nxe5 10. Bf4 Nfd7 11. Bg2 f6 12. 0-0 Nc5 13. e4 Bg6 14. Bxe5 fxe5 15. f4 Nd7 16. Bh3 Bc5+ 17. Kh1 Rd8 18. Qe2 Bd4 19. Rad1 Nf6 20. fxe5 Bxe5 21. Rxd8+ Kxd8 22. Rd1+ Ke7 23. Nd5+ cxd5 24. exd5 Ne4 25. d6+ Bxd6 26. Rxd6 Re8 27. Rxg6 hxg6 28. Qxe4+ Kf8 29. Qf3+ Kg8 30. Qd5+ Kh7 31. Bg4 Re1+ 32. Kg2 Qe7 33. Bf3 Rc1 34. Be4 Qf6 35. Bd3 Kh6 36. Ne5 Qb6 37. Ng4+ Kh7 38. Qh5+ Kg8 39. Bc4+ Kf8 40. Qh8+ Ke7 41. Qxg7+ 1-0

[Event "SWE-chT 9899"]
[Site "Sweden"]
[Date "1999.??.??"]
[Round "11"]
[White "Welin, Thomas"]
[Black "Bellon Lopez, Juan Manuel"]
[Result "1/2-1/2"]
[WhiteElo "2416"]
[BlackElo "2455"]
[PlyCount "120"]
[EventDate "1998.??.??"]
[EventType "team"]
[EventRounds "11"]
[EventCountry "SWE"]
[SourceTitle "EXT 2000"]
[Source "ChessBase"]
[SourceDate "1999.11.16"]
[SourceVersion "1"]
[SourceVersionDate "1999.11.16"]
[SourceQuality "1"]

1. Nf3 c5 2. b3 d6 3. c4 e5 4. Nc3 f5 5. g3 g6 6. Bg2 Bg7 7. 0-0 Ne7 8. Ne1 Nbc6 9. Nc2 Rb8 10. Ne3 a6 11. a4 Be6 12. d3 0-0 13. Ned5 Bxd5 14. cxd5 e4 15. Bd2 Bxc3 16. Bxc3 Nxd5 17. Bb2 Nf6 18. dxe4 fxe4 19. Bxf6 Qxf6 20. Bxe4 Kg7 21. Ra2 Qe5 22. Bg2 Rf6 23. Rd2 Rd8 24. e3 Nb4 25. Qa1 Qxa1 26. Rxa1 b6 27. Rad1 Kf8 28. f4 Ke7 29. g4 b5 30. axb5 axb5 31. Bd5 Nxd5 32. Rxd5 Re6 33. Kf2 Ra8 34. Kf3 Ra3 35. R1d3 Kd7 36. e4 Kc6 37. f5 gxf5 38. exf5 Rh6 39. h4 c4 40. bxc4 Rxd3+ 41. Rxd3 bxc4 42. Rc3 d5 43. Kg3 Kc5 44. g5 Rd6 45. f6 d4 46. f7 Rd8 47. Rf3 d3 48. h5 d2 49. Rf1 c3 50. g6 hxg6 51. hxg6 Rf8 52. g7 Rxf7 53. g8Q Rxf1 54. Qc8+ Kd4 55. Qd7+ Ke3 56. Qe6+ Kd3 57. Qd5+ Kc2 58. Qa2+ Kc1 59. Qa3+ Kc2 60. Qa2+ Kc1 1/2-1/2

[Event "SWE-chT 9899"]
[Site "Sweden"]
[Date "1999.??.??"]
[Round "10"]
[White "Welin, Thomas"]
[Black "Svensson, Bengt"]
[Result "1-0"]
[WhiteElo "2416"]
[BlackElo "2447"]
[PlyCount "83"]
[EventDate "1998.??.??"]
[EventType "team"]
[EventRounds "11"]
[EventCountry "SWE"]
[SourceTitle "EXT 2000"]
[Source "ChessBase"]
[SourceDate "1999.11.16"]
[SourceVersion "1"]
[SourceVersionDate "1999.11.16"]
[SourceQuality "1"]

1. b3 c5 2. Bb2 Nc6 3. c4 e6 4. Nf3 Nf6 5. e3 Be7 6. Be2 0-0 7. a3 d5 8. cxd5 Nxd5 9. Ra2 b6 10. 0-0 Bb7 11. d3 Bf6 12. Qc1 Rc8 13. Nbd2 Bxb2 14. Rxb2 Qe7 15. Rc2 Kh8 16. Re1 e5 17. Bf1 f5 18. g3 e4 19. Nh4 Ne5 20. Nxf5 Rxf5 21. dxe4 Rxf2 22. Kxf2 Ng4+ 23. Kg1 Ndxe3 24. Rc3 Qf6 25. Re2 Nxf1 26. Rf3 Nxg3 27. Rxg3 Qd4+ 28. Kg2 Nf6 29. Qc4 Qd7 30. Kg1 Re8 31. e5 Nd5 32. Qh4 h6 33. h3 Re7 34. Kh2 Qf5 35. Rf3 Qg6 36. Nc4 Bc6 37. Rg2 Qe6 38. Qh5 b5 39. Rg6 Qd7 40. Nd6 Kh7 41. Nf5 Rf7 42. Rxh6+ 1-0

[Event "SWE-chT 9899"]
[Site "Sweden"]
[Date "1998.10.16"]
[Round "1"]
[White "Bator, Robert"]
[Black "Welin, Thomas"]
[Result "1-0"]
[WhiteElo "2410"]
[BlackElo "2375"]
[PlyCount "70"]
[EventDate "1998.??.??"]
[EventType "team"]
[EventRounds "11"]
[EventCountry "SWE"]
[SourceTitle "EXT 2000"]
[Source "ChessBase"]
[SourceDate "1999.11.16"]
[SourceVersion "1"]
[SourceVersionDate "1999.11.16"]
[SourceQuality "1"]

1. d4 c5 2. d5 e5 3. e4 d6 4. a3 Be7 5. b4 cxb4 6. axb4 Nf6 7. Bd3 0-0 8. h3 Nbd7 9. Ne2 a6 10. Ng3 Rb8 11. Nd2 b5 12. Nb3 Nb6 13. Na5 Bd7 14. 0-0 Qc7 15. f4 Qc3 16. Bd2 Qd4+ 17. Kh1 Na4 18. Nf5 Bxf5 19. Nc6 Bxe4 20. Nxd4 exd4 21. Qe2 Bxd3 22. Qxd3 Nxd5 23. Qxd4 Ndb6 24. Rae1 Bf6 25. Qf2 Rbc8 26. Be3 Nd5 27. Bd4 Bxd4 28. Qxd4 Nab6 29. f5 Rxc2 30. f6 Rc4 31. Qd2 Nxf6 32. Rxf6 gxf6 33. Qxd6 Nc8 34. Qxf6 Rc7 35. Qg5+ Kh8 1-0

[Event "SWE-chT 9798"]
[Site "Sweden"]
[Date "1998.??.??"]
[Round "8"]
[White "Welin, Thomas"]
[Black "Ekstroem, Roland"]
[Result "1-0"]
[WhiteElo "2375"]
[BlackElo "2490"]
[PlyCount "87"]
[EventDate "1997.??.??"]
[EventType "team"]
[EventRounds "9"]
[EventCountry "SWE"]
[SourceTitle "EXT 2000"]
[Source "ChessBase"]
[SourceDate "1999.11.16"]
[SourceVersion "1"]
[SourceVersionDate "1999.11.16"]
[SourceQuality "1"]

1. b3 d5 2. Bb2 Bg4 3. g3 e6 4. Bg2 f5 5. Nf3 Nf6 6. 0-0 Bd6 7. d3 0-0 8. Nbd2 Nbd7 9. Qe1 Qe7 10. a3 Nc5 11. Ne5 Bh5 12. f4 c6 13. e3 a5 14. h3 Qc7 15. Kh2 Nfd7 16. Ndf3 Nxe5 17. Nxe5 Nd7 18. Nxd7 Qxd7 19. Rg1 Qc7 20. Qf2 e5 21. c4 dxc4 22. bxc4 Qe7 23. c5 Bc7 24. fxe5 Bxe5 25. Bxe5 Qxe5 26. d4 Qe6 27. Rab1 Rf7 28. Rb6 Re7 29. Re1 Qf7 30. Qd2 Rd7 31. d5 cxd5 32. Rxb7 Kh8 33. Rxd7 Qxd7 34. Qxd5 Qxd5 35. Bxd5 Rc8 36. Rb1 g5 37. c6 Kg7 38. Rb7+ Kf6 39. Rxh7 Be2 40. Ra7 Ke5 41. Rxa5 Kd6 42. Bg2 Rf8 43. Ra7 f4 44. Rd7+ 1-0

[Event "SWE-chT 9596"]
[Site "Sweden"]
[Date "1996.??.??"]
[Round "?"]
[White "Bator, Robert"]
[Black "Welin, Thomas"]
[Result "1-0"]
[WhiteElo "2435"]
[BlackElo "2375"]
[PlyCount "77"]
[EventDate "1995.??.??"]
[EventType "team"]
[EventRounds "9"]
[EventCountry "SWE"]
[SourceTitle "EXT 1998"]
[Source "ChessBase"]
[SourceDate "1997.11.17"]
[SourceVersion "1"]
[SourceVersionDate "1997.11.17"]
[SourceQuality "1"]

1. d4 e6 2. g3 c5 3. Nf3 cxd4 4. Nxd4 d5 5. Bg2 Nf6 6. 0-0 e5 7. Nb3 Nc6 8. Bg5 Be6 9. Nc3 d4 10. Ne4 Be7 11. Bxf6 gxf6 12. Nec5 Qb6 13. Nxe6 fxe6 14. e3 0-0-0 15. exd4 Nxd4 16. Nxd4 Rxd4 17. Qh5 Bc5 18. Qh6 Qd8 19. c3 Rd3 20. Qg7 Rd7 21. Qg4 Qe7 22. b4 Bb6 23. a4 f5 24. Qc4+ Kb8 25. Qb5 Rc8 26. a5 Bd8 27. Qxe5+ Qd6 28. Qe2 Bf6 29. Rad1 Qe7 30. a6 Bxc3 31. Bxb7 Rcd8 32. Qb5 Rxd1 33. Bf3+ Kc8 34. Bxd1 Qxb4 35. Qc6+ Kb8 36. Bf3 Rd3 37. Rc1 Qb2 38. Rc2 Qb3 39. Be2 1-0

[Event "SWE-chT 9596"]
[Site "Sweden"]
[Date "1996.??.??"]
[Round "?"]
[White "Hultin, Johan"]
[Black "Welin, Thomas"]
[Result "0-1"]
[WhiteElo "2300"]
[BlackElo "2375"]
[PlyCount "58"]
[EventDate "1995.??.??"]
[EventType "team"]
[EventRounds "9"]
[EventCountry "SWE"]
[SourceTitle "EXT 1998"]
[Source "ChessBase"]
[SourceDate "1997.11.17"]
[SourceVersion "1"]
[SourceVersionDate "1997.11.17"]
[SourceQuality "1"]

1. d4 e6 2. Nf3 c5 3. g3 b6 4. d5 Nf6 5. c4 exd5 6. cxd5 g6 7. Bg2 Bg7 8. 0-0 0-0 9. Nc3 d6 10. Nd2 Ba6 11. Rb1 Nbd7 12. b4 cxb4 13. Rxb4 Rc8 14. Bb2 Re8 15. Re1 Nc5 16. Nb5 Bxb5 17. Rxb5 a6 18. Rb4 b5 19. Nb3 Na4 20. Ba1 Nc3 21. Bxc3 Rxc3 22. a4 Rc4 23. Rxc4 bxc4 24. Nd4 Qb6 25. e3 Qc5 26. Nc6 c3 27. Qd3 Ng4 28. Bf1 c2 29. Rc1 Nxe3 0-1

[Event "SWE-chT 9596"]
[Site "Sweden"]
[Date "1996.??.??"]
[Round "?"]
[White "Welin, Thomas"]
[Black "Svensson, Bengt"]
[Result "1/2-1/2"]
[WhiteElo "2375"]
[BlackElo "2400"]
[PlyCount "112"]
[EventDate "1995.??.??"]
[EventType "team"]
[EventRounds "9"]
[EventCountry "SWE"]
[SourceTitle "EXT 1998"]
[Source "ChessBase"]
[SourceDate "1997.11.17"]
[SourceVersion "1"]
[SourceVersionDate "1997.11.17"]
[SourceQuality "1"]

1. c4 Nf6 2. d4 c5 3. Nf3 cxd4 4. Nxd4 Nc6 5. g3 Qb6 6. Nb3 Ne5 7. c5 Qc6 8. f3 b6 9. Bf4 Ng6 10. Be3 bxc5 11. Bxc5 h5 12. h4 e6 13. Bxf8 Kxf8 14. Na3 Qc7 15. Kf2 Bb7 16. Qd4 Qb6 17. Qxb6 axb6 18. Bg2 Ke7 19. Rhc1 Rhc8 20. Nc4 Ra6 21. e4 d5 22. exd5 Nxd5 23. Bf1 Raa8 24. Be2 Nf8 25. f4 g6 26. Bf3 Nd7 27. a3 Rab8 28. Ne3 N7f6 29. Nd4 Nxe3 30. Kxe3 Bxf3 31. Kxf3 Kd7 32. b4 Ra8 33. Nb5 Nd5 34. Ke4 Nf6+ 35. Kd3 Nd5 36. Kd4 Rc6 37. Nc3 Rac8 38. Ne2 Rxc1 39. Rxc1 Ra8 40. Nc3 Rxa3 41. Nxd5 exd5 42. Kxd5 Rxg3 43. Ra1 Rd3+ 44. Ke5 Kc6 45. Rc1+ Kb5 46. Rc7 Rh3 47. Rxf7 Rxh4 48. Rh7 Kxb4 49. Rh6 b5 50. Rxg6 Rh1 51. f5 Kc5 52. f6 Re1+ 53. Kf5 b4 54. f7 Rf1+ 55. Ke6 Rxf7 56. Kxf7 b3 1/2-1/2

[Event "Lugano op"]
[Site "Lugano"]
[Date "1989.03.09"]
[Round "7"]
[White "Welin, Thomas"]
[Black "Velickovic, Sasa"]
[Result "1-0"]
[WhiteElo "2395"]
[BlackElo "2435"]
[PlyCount "97"]
[EventDate "1989.03.03"]
[EventType "swiss"]
[EventRounds "9"]
[EventCountry "SUI"]
[SourceTitle "TD"]
[Source "ChessBase"]
[SourceDate "1994.03.01"]
[SourceVersion "1"]
[SourceVersionDate "1994.03.01"]
[SourceQuality "1"]

1. d4 c5 2. d5 Nf6 3. Nf3 d6 4. c4 g6 5. Nc3 Bg7 6. e4 0-0 7. Bd3 e6 8. h3 exd5 9. exd5 Re8+ 10. Be3 Nbd7 11. 0-0 Nh5 12. Qd2 Ne5 13. Be2 Bd7 14. Ng5 f5 15. Ne6 Bxe6 16. dxe6 Rxe6 17. Bxh5 gxh5 18. Qd5 Qe7 19. Ne2 Qf7 20. Rad1 Ng6 21. Nf4 Nxf4 22. Bxf4 Rd8 23. b3 Bd4 24. Be3 Bxe3 25. fxe3 Rf8 26. Rf3 Rg6 27. Rxf5 Qxd5 28. Rfxd5 Rf3 29. Rxd6 Rxe3 30. Rd8+ Kf7 31. R8d7+ Ke8 32. R1d2 Re7 33. Rxe7+ Kxe7 34. Rd5 b6 35. Rxh5 h6 36. Kf2 Rd6 37. Ke3 Kf7 38. g4 Kg6 39. Rd5 Re6+ 40. Kf4 Rf6+ 41. Rf5 Rd6 42. Rd5 Rf6+ 43. Kg3 Re6 44. h4 a6 45. h5+ Kf6 46. Kf4 Kg7 47. Rd7+ Kg8 48. Kf5 Rc6 49. Re7 1-0

[Event "SWE-ch"]
[Site "Norrkoeping"]
[Date "1988.??.??"]
[Round "?"]
[White "Andersson, B."]
[Black "Welin, Thomas"]
[Result "0-1"]
[WhiteElo "2320"]
[BlackElo "2410"]
[PlyCount "74"]
[EventDate "1988.07.??"]
[EventType "tourn"]
[EventRounds "15"]
[EventCountry "SWE"]
[EventCategory "5"]
[SourceTitle "EXT 1997"]
[Source "ChessBase"]
[SourceDate "1996.11.15"]
[SourceVersion "1"]
[SourceVersionDate "1996.11.15"]
[SourceQuality "1"]

1. e4 c5 2. c3 e6 3. d4 d5 4. exd5 exd5 5. Nf3 Nc6 6. Bb5 Bd6 7. dxc5 Bxc5 8. 0-0 Nge7 9. Nbd2 0-0 10. Nb3 Bb6 11. Nbd4 a6 12. Be2 Nf5 13. Bg5 Qd6 14. Qd2 Ncxd4 15. cxd4 Be6 16. Rac1 Rfc8 17. Bd3 h6 18. Bf4 Qd8 19. Bb1 Nd6 20. Bxd6 Qxd6 21. Qd3 Qf4 22. Rce1 Qf6 23. Qh7+ Kf8 24. Ne5 Ke7 25. Qd3 Kd8 26. Re3 Rc7 27. Qa3 Qe7 28. Nxf7+ Qxf7 29. Qd6+ Kc8 30. Rf3 Rc6 31. Qb4 Qd7 32. Rf8+ Bd8 33. Rh8 Kc7 34. Bg6 Be7 35. Qa5+ b6 36. Rxa8 bxa5 37. Be8 Qd6 0-1

[Event "Troll Masters"]
[Site "Gausdal"]
[Date "1988.??.??"]
[Round "?"]
[White "Bjerke, Richard"]
[Black "Welin, Thomas"]
[Result "1-0"]
[WhiteElo "2310"]
[BlackElo "2410"]
[PlyCount "76"]
[EventDate "1988.01.??"]
[EventType "swiss"]
[EventRounds "9"]
[EventCountry "NOR"]
[SourceTitle "EXT 1997"]
[Source "ChessBase"]
[SourceDate "1996.11.15"]
[SourceVersion "1"]
[SourceVersionDate "1996.11.15"]
[SourceQuality "1"]

1. d4 Nf6 2. c4 e6 3. Nf3 b6 4. g3 Bb7 5. Bg2 Bb4+ 6. Bd2 c5 7. Bxb4 cxb4 8. 0-0 0-0 9. Nbd2 a5 10. a3 Na6 11. Qb1 d6 12. e4 e5 13. axb4 Nxb4 14. Re1 Nd7 15. Ra3 Rc8 16. Rc3 Rc7 17. Qd1 Ba6 18. Bf1 Qf6 19. d5 g6 20. Nh4 Nc5 21. Bh3 Nbd3 22. Rf1 b5 23. Qb1 bxc4 24. Nxc4 Rb8 25. Ne3 Rxb2 26. Ng4 Qg5 27. Qa1 a4 28. f4 exf4 29. Rxd3 Nxd3 30. Qxa4 Bc8 31. Nf3 Qe7 32. Nh6+ Kg7 33. Bxc8 Rxc8 34. Ng4 Ne5 35. Qd4 Rcc2 36. gxf4 Rg2+ 37. Kh1 Rbc2 38. fxe5 Rxg4 1-0

[Event "SWE-ch"]
[Site "Norrkoeping"]
[Date "1988.??.??"]
[Round "?"]
[White "Ernst, Thomas"]
[Black "Welin, Thomas"]
[Result "1-0"]
[WhiteElo "2455"]
[BlackElo "2410"]
[PlyCount "115"]
[EventDate "1988.07.??"]
[EventType "tourn"]
[EventRounds "15"]
[EventCountry "SWE"]
[EventCategory "5"]
[SourceTitle "EXT 1997"]
[Source "ChessBase"]
[SourceDate "1996.11.15"]
[SourceVersion "1"]
[SourceVersionDate "1996.11.15"]
[SourceQuality "1"]

1. e4 e6 2. d4 d5 3. Nd2 Nf6 4. e5 Nfd7 5. Bd3 c5 6. c3 Nc6 7. Ne2 cxd4 8. cxd4 f6 9. exf6 Nxf6 10. 0-0 Bd6 11. Nf3 0-0 12. Bf4 Bxf4 13. Nxf4 Qb6 14. Rb1 Bd7 15. Re1 Rae8 16. Bc2 Re7 17. Qd2 Rfe8 18. Rbd1 e5 19. dxe5 Nxe5 20. Nxe5 Rxe5 21. Rxe5 Rxe5 22. Bb3 Bc6 23. h3 a5 24. Qc3 Rf5 25. Qd4 Qxd4 26. Rxd4 Re5 27. Nd3 Re8 28. g3 Kf8 29. Bd1 Ke7 30. h4 Kd6 31. Bf3 b6 32. Kg2 Ne4 33. Nf4 Re5 34. Rd1 Nf6 35. g4 h6 36. Ng6 Re6 37. h5 Ne4 38. Nf4 Re5 39. Ne2 Ng5 40. Nd4 Bd7 41. Be2 Rxe2 42. Nxe2 Bxg4 43. Re1 Bxh5 44. Nd4 Bg6 45. f3 Kc5 46. Rd1 Kd6 47. Kf2 Nf7 48. Rg1 Ne5 49. b3 h5 50. a4 Ke7 51. Nc6+ Nxc6 52. Rxg6 Kd7 53. Ke3 Ne5 54. Rxb6 g5 55. Rb5 Ke6 56. Rxa5 h4 57. Ra6+ Kf5 58. Rd6 1-0